Vývoj migračnej politiky škandinávskych štátov od 90. rokov 20. storočia - Švédsko bakalárska práca

Salvato in:
Dettagli Bibliografici
Autore principale: Čambalová, Alexandra
Ente Autore: Fakulta medzinárodných vzťahov EU. Katedra medzinárodných ekonomických vzťahov a hospodárskej diplomacie
Altri autori: Dancáková, Ivana
Natura: Libro
Lingua:slovacco
Pubblicazione: Bratislava 2017
Tags: Aggiungi Tag
Nessun Tag, puoi essere il primo ad aggiungerne!!

MARC

LEADER 00000nbm a2200000 4500
001 0232077
005 20180221143423.9
041 0 |a slo 
044 |a SK 
245 1 0 |a Vývoj migračnej politiky škandinávskych štátov od 90. rokov 20. storočia - Švédsko  |b bakalárska práca  |c Alexandra Čambalová ; školiteľ: Ivana Dancáková 
264 1 |a Bratislava  |c 2017 
300 |a 53 s. 
100 1 |a Čambalová, Alexandra 
700 1 |a Dancáková, Ivana 
710 2 |a Fakulta medzinárodných vzťahov EU. Katedra medzinárodných ekonomických vzťahov a hospodárskej diplomacie